|
|
|
|
| LEADER |
00000nam0a2200000 4500 |
| 001 |
15991 |
| 005 |
20241113133143.0 |
| 035 |
|
|
|a (RuTPU)RU\TPU\book\16110
|
| 035 |
|
|
|a BOOK00000798
|
| 090 |
|
|
|a 15991
|
| 100 |
|
|
|a 20011209d1969 m y0rusy50 ca
|
| 101 |
0 |
|
|a rus
|
| 102 |
|
|
|a RU
|
| 105 |
|
|
|a a z 000zy
|
| 200 |
1 |
|
|a Память России
|e Фотоальбом
|f сост. Г. А. Богуславский
|
| 210 |
|
|
|a Москва
|c Советская Россия
|d 1969
|
| 215 |
|
|
|a 456 с.
|c ил.
|
| 606 |
|
|
|a Исторические места и памятники России
|9 81525
|
| 610 |
1 |
|
|a история
|
| 610 |
1 |
|
|a Россия
|
| 610 |
1 |
|
|a СССР
|
| 610 |
1 |
|
|a фотоальбомы
|
| 686 |
|
|
|a Т3(2)л6
|2 rubbk
|
| 702 |
|
1 |
|a Богуславский
|b Г. А.
|g Густав Александрович
|4 220
|
| 801 |
|
0 |
|a RU
|b 63413507
|c 20011209
|g PSBO
|
| 801 |
|
2 |
|a RU
|b 63413507
|c 20110622
|g PSBO
|
| 942 |
|
|
|c BK
|